000 00659cam a2200241 4500
008 090401t1993 xxu||||| |||| 00| 0 eng d
020 _a0851256112
035 _a(Sirsi) u36559
041 _aeng
050 _a690
110 _aBuilding Research Establishment
245 _aNatural finishes for exterior wood.
260 _aGarston, Watford
_bBuilding Research Establishment
_c1993
300 _a8p. : ill. ; 30cm.
350 _a0
490 _aBRE Digest
_v387
650 _aEXTERIOR WOODWORK
650 _aTIMBER PRESERVATION
650 _aWOOD STAINS
690 _aBUILT ENVIRONMENT-BUILDING MATERIALS
942 _n0
948 _c04/03/1997
999 _c90332
_d90332